| 000 | 00875nam a2200229Ia 4500 | ||
|---|---|---|---|
| 005 | 20250108125043.0 | ||
| 008 | 008 250107s9999 xx 000 0 hin d | ||
| 020 | _a978-93-263-5242-0 | ||
| 037 | _aTB | ||
| 040 |
_aCRL _bhin _cCRL |
||
| 041 |
_ahin _2hin |
||
| 084 | _aO157,3N09,PR R2 | ||
| 084 | _qCRL | ||
| 100 |
_aभाटी, जयप्रकाश, ‘नीरव’, ले. _9730299 |
||
| 245 | 0 |
_aयू ही बस चुप रहो _cभाटी, जयप्रकाश, ‘नीरव’, ले. |
|
| 260 |
_aनई दिल्ली, भारत _bहिमांशु पब्लिकेशन्स _c3165 |
||
| 300 | _a108पृ0 | ||
| 365 |
_aINR _b550 |
||
| 650 |
_aहिन्दी कविताहिन्दी साहित्य _9729733 |
||
| 942 |
_cTB _hO157,3N09,PR R2 |
||
| 999 |
_c1235553 _d1235553 |
||